[Event "68th POL-ch (w)"]
[Site "Poznan POL"]
[Date "2016.03.30"]
[Round "1"]
[White "Szczepkowska-Horowska, Karina"]
[Black "Kiolbasa, Oliwia"]
[Result "1-0"]
[WhiteElo "2403"]
[BlackElo "2348"]
[EventDate "2016.03.30"]
[PlyCount "83"]
[EventType "tourn"]
[EventRounds "9"]
[EventCountry "POL"]
[EventCategory "4"]
[SourceTitle "CBM 171 Extra"]
[Source "ChessBase"]
[SourceDate "2016.04.26"]
[SourceVersion "1"]
[SourceVersionDate "2016.04.26"]
[SourceQuality "1"]

1.d4 d5 2.c4 c6 3.Nf3 Nf6 4.Nc3 dxc4 5.a4 Bf5 6.Ne5 Nbd7 7.Nxc4 a5 8.h4 e6
9.g3 Bb4 10.Bg2 Nb6 11.Ne5 h6 12.O-O O-O 13.Na2 Bd6 14.Qb3 Bc7 15.Rd1 Be4 
16.Nc3 Bxg2 17.Kxg2 Nbd5 18.f3 Qb8 19.e4 Nxc3 20.bxc3 Rd8 21.Be3 Bxe5 22.
dxe5 Qxe5 23.Bd4 Qb8 24.Bb6 Rxd1 25.Rxd1 Qe8 26.Rd2 Kh7 27.c4 Nd7 28.Bf2 
b6 29.Qd3 Nc5 30.Bxc5 bxc5 31.e5+ g6 32.Qd6 Rb8 33.Qxc5 Rb4 34.Qxa5 Qb8 
35.Rd7 Kg7 36.Qc5 Rb2+ 37.Kh3 Qe8 38.Qd6 Rb8 39.a5 g5 40.a6 gxh4 41.a7 Ra8
42.Rb7 1-0

[Event "68th POL-ch (w)"]
[Site "Poznan POL"]
[Date "2016.03.30"]
[Round "1"]
[White "Kantane, Anna"]
[Black "Zawadzka, Jolanta"]
[Result "0-1"]
[WhiteElo "2310"]
[BlackElo "2432"]
[EventDate "2016.03.30"]
[PlyCount "94"]
[EventType "tourn"]
[EventRounds "9"]
[EventCountry "POL"]
[EventCategory "4"]
[SourceTitle "CBM 171 Extra"]
[Source "ChessBase"]
[SourceDate "2016.04.26"]
[SourceVersion "1"]
[SourceVersionDate "2016.04.26"]
[SourceQuality "1"]

1.e4 e5 2.Nf3 Nc6 3.Bb5 Bc5 4.O-O Nd4 5.Nxd4 Bxd4 6.c3 Bb6 7.d4 c6 8.Ba4 
d6 9.Na3 Nf6 10.Nc4 Bc7 11.Bc2 O-O 12.dxe5 dxe5 13.Qf3 Bg4 14.Qe3 b5 15.
Nd2 Nh5 16.Nb3 Nf4 17.g3 Bb6 18.Nc5 Ne6 19.b4 Qe7 20.a4 Nxc5 21.bxc5 Bxc5 
22.Qg5 Qxg5 23.Bxg5 h6 24.Be3 Bxe3 25.fxe3 Be6 26.Rfd1 Rfd8 27.Kf2 a6 28.
Ke1 Rxd1+ 29.Bxd1 Rd8 30.Be2 Rd6 31.h4 Kf8 32.Ra3 Ke7 33.Ra1 Bb3 34.axb5 
cxb5 35.Ra3 Be6 36.Ra5 Rc6 37.Kd2 Kd6 38.Bf1 Kc5 39.Ra1 Kb6 40.Be2 a5 41.
g4 a4 42.g5 hxg5 43.hxg5 Rd6+ 44.Ke1 Bb3 45.Kf2 Rd2 46.Kf3 Rc2 47.Rh1 Rxc3
0-1

[Event "68th POL-ch (w)"]
[Site "Poznan POL"]
[Date "2016.03.30"]
[Round "1"]
[White "Rajlich, Iweta"]
[Black "Kulon, Klaudia"]
[Result "0-1"]
[WhiteElo "2389"]
[BlackElo "2298"]
[EventDate "2016.03.30"]
[PlyCount "126"]
[EventType "tourn"]
[EventRounds "9"]
[EventCountry "POL"]
[EventCategory "4"]
[SourceTitle "CBM 171 Extra"]
[Source "ChessBase"]
[SourceDate "2016.04.26"]
[SourceVersion "1"]
[SourceVersionDate "2016.04.26"]
[SourceQuality "1"]

1.d4 Nf6 2.Nf3 g6 3.g3 Bg7 4.Bg2 O-O 5.O-O d6 6.c4 Nc6 7.Nc3 Bf5 8.Bg5 Ne4
9.Nxe4 Bxe4 10.d5 Na5 11.b3 c5 12.Rc1 a6 13.Bh3 h6 14.Bd2 Bxf3 15.exf3 b5 
16.Qe1 b4 17.Rb1 Nb7 18.Qc1 Kh7 19.Re1 a5 20.Qc2 Qe8 21.Qe4 Bf6 22.g4 a4 
23.Bf1 axb3 24.axb3 Ra2 25.Bf4 Bc3 26.Re2 Rxe2 27.Bxe2 f5 28.gxf5 gxf5 29.
Qc2 e5 30.dxe6 Qxe6 31.Kh1 Kh8 32.Rg1 Na5 33.Bd1 Nc6 34.Qd3 Bd4 35.Qd2 Kh7
36.Bg3 Qf6 37.Bc2 Ne7 38.Qe2 Ng6 39.f4 Qf7 40.Qf3 Qe6 41.Bd3 Rf7 42.h4 Bf6
43.h5 Ne7 44.Qa8 Rg7 45.Qf3 Kh8 46.Qd1 Nc6 47.Re1 Qd7 48.Qf3 Bc3 49.Re3 
Bf6 50.Qd5 Nd4 51.Bf1 Qf7 52.Qxf7 Rxf7 53.Bg2 Ra7 54.Bd5 Re7 55.Rd3 Re1+ 
56.Kg2 Kg7 57.Bf3 Rc1 58.Bd1 Kf7 59.Kf1 Nxb3 60.Rxd6 Nd4 61.Ke1 b3 62.Kd2 
b2 63.Rd7+ Ke6 0-1

[Event "68th POL-ch (w)"]
[Site "Poznan POL"]
[Date "2016.03.30"]
[Round "1"]
[White "Socko, Monika"]
[Black "Harazinska, Ewa"]
[Result "1-0"]
[WhiteElo "2461"]
[BlackElo "2310"]
[EventDate "2016.03.30"]
[PlyCount "164"]
[EventType "tourn"]
[EventRounds "9"]
[EventCountry "POL"]
[EventCategory "4"]
[SourceTitle "CBM 171 Extra"]
[Source "ChessBase"]
[SourceDate "2016.04.26"]
[SourceVersion "1"]
[SourceVersionDate "2016.04.26"]
[SourceQuality "1"]

1.d4 Nf6 2.c4 e6 3.g3 d5 4.Bg2 Bb4+ 5.Bd2 Be7 6.Nf3 O-O 7.O-O b6 8.cxd5 
exd5 9.Nc3 c5 10.Rc1 Bb7 11.dxc5 bxc5 12.Nh4 Qd7 13.Bg5 Rd8 14.Qc2 h6 15.
Bxf6 Bxf6 16.Na4 Na6 17.Nxc5 Nxc5 18.Qxc5 Bxb2 19.Rb1 Bf6 20.Rfd1 Bxh4 21.
gxh4 Ba6 22.Rxd5 Qg4 23.e3 Qxh4 24.Rd4 Rxd4 25.exd4 Qf6 26.Rd1 Be2 27.Bxa8
Bxd1 28.Be4 Qg5+ 29.Qxg5 hxg5 30.Kf1 Kf8 31.Ke1 Bg4 32.Kd2 Ke7 33.Kc3 Kd6 
34.Kb4 Be2 35.a3 Bf1 36.Ka5 Be2 37.Bb7 f6 38.Ba6 Bf3 39.Bc4 Bb7 40.Kb5 Bc8
41.Bf7 Bb7 42.a4 Bc6+ 43.Ka5 Bb7 44.Bb3 Bc8 45.Kb5 Bb7 46.a5 Bc8 47.Bf7 
Bb7 48.Bh5 f5 49.Be2 g4 50.Bf1 f4 51.Bc4 Bc8 52.Bf7 Bb7 53.Bg8 Bc8 54.d5 
g5 55.Bf7 Bb7 56.Kc4 Bc8 57.Kd4 Bf5 58.Bh5 f3 59.Bf7 Bc2 60.Be6 Bb3 61.Ke4
Bc2+ 62.Ke3 Ba4 63.Bxg4 Kxd5 64.Kxf3 Kc5 65.Bc8 Kb5 66.a6 Bd1+ 67.Ke4 Kb6 
68.Kf5 Kc7 69.Bb7 g4 70.Kf4 Be2 71.Be4 Kd6 72.Bf5 Bxa6 73.Bxg4 Bd3 74.h4 
Bc2 75.h5 Ke7 76.Ke5 a5 77.Be6 a4 78.h6 Kf8 79.f4 Bb3 80.f5 Bc2 81.Kf6 
Bxf5 82.Kxf5 a3 1-0

[Event "68th POL-ch (w)"]
[Site "Poznan POL"]
[Date "2016.03.30"]
[Round "1"]
[White "Wozniak, Mariola"]
[Black "Majdan-Gajewska, Joanna"]
[Result "1/2-1/2"]
[WhiteElo "2154"]
[BlackElo "2380"]
[EventDate "2016.03.30"]
[PlyCount "80"]
[EventType "tourn"]
[EventRounds "9"]
[EventCountry "POL"]
[EventCategory "4"]
[SourceTitle "CBM 171 Extra"]
[Source "ChessBase"]
[SourceDate "2016.04.26"]
[SourceVersion "1"]
[SourceVersionDate "2016.04.26"]
[SourceQuality "1"]

1.e4 c5 2.Nf3 Nc6 3.d4 cxd4 4.Nxd4 Nf6 5.Nc3 d6 6.Bg5 e6 7.Qd2 Qb6 8.Nb3 
Be7 9.O-O-O O-O 10.Bd3 Rd8 11.Kb1 a6 12.f3 Qc7 13.g4 b5 14.Bxf6 Bxf6 15.g5
Be7 16.f4 Bb7 17.h4 b4 18.Ne2 a5 19.f5 a4 20.Nbd4 Nxd4 21.Nxd4 Qc5 22.f6 
Bf8 23.Nf3 a3 24.b3 d5 25.e5 d4 26.Rhf1 Bxf3 27.Rxf3 Qxe5 28.fxg7 Bxg7 29.
Rdf1 Ra7 30.h5 Rd5 31.h6 Bf8 32.Bxh7+ Kxh7 33.Rxf7+ Rxf7 34.Rxf7+ Kg8 35.
Qf2 Rd8 36.h7+ Kh8 37.Rxf8+ Rxf8 38.Qxf8+ Kxh7 39.Qf7+ Kh8 40.Qf8+ Kh7 
1/2-1/2

[Event "68th POL-ch (w)"]
[Site "Poznan POL"]
[Date "2016.03.31"]
[Round "2"]
[White "Szczepkowska-Horowska, Karina"]
[Black "Wozniak, Mariola"]
[Result "1-0"]
[WhiteElo "2403"]
[BlackElo "2154"]
[EventDate "2016.03.30"]
[PlyCount "51"]
[EventType "tourn"]
[EventRounds "9"]
[EventCountry "POL"]
[EventCategory "4"]
[SourceTitle "CBM 171 Extra"]
[Source "ChessBase"]
[SourceDate "2016.04.26"]
[SourceVersion "1"]
[SourceVersionDate "2016.04.26"]
[SourceQuality "1"]

1.d4 Nf6 2.c4 d6 3.Nc3 Nbd7 4.Nf3 e5 5.Bg5 Be7 6.e3 O-O 7.Be2 c6 8.O-O a6 
9.Rc1 h6 10.Bh4 Re8 11.Qc2 Qc7 12.b4 a5 13.b5 Nf8 14.c5 dxc5 15.dxe5 N6h7 
16.Bg3 Be6 17.bxc6 bxc6 18.Ne4 Nd7 19.Rfd1 Qa7 20.Nd6 Reb8 21.Bc4 Nhf8 22.
Nxf7 Kxf7 23.Qf5+ Ke8 24.Bxe6 Nxe6 25.Qxe6 Rb6 26.Qg6+ 1-0

[Event "68th POL-ch (w)"]
[Site "Poznan POL"]
[Date "2016.03.31"]
[Round "2"]
[White "Harazinska, Ewa"]
[Black "Kantane, Anna"]
[Result "0-1"]
[WhiteElo "2310"]
[BlackElo "2310"]
[EventDate "2016.03.30"]
[PlyCount "119"]
[EventType "tourn"]
[EventRounds "9"]
[EventCountry "POL"]
[EventCategory "4"]
[SourceTitle "CBM 171 Extra"]
[Source "ChessBase"]
[SourceDate "2016.04.26"]
[SourceVersion "1"]
[SourceVersionDate "2016.04.26"]
[SourceQuality "1"]

1.d4 Nf6 2.c4 g6 3.Nc3 d5 4.Nf3 Bg7 5.cxd5 Nxd5 6.e4 Nxc3 7.bxc3 c5 8.Be3 
Qa5 9.Qd2 O-O 10.Rc1 Na6 11.Be2 b6 12.d5 Qa4 13.e5 Bg4 14.Bh6 Rad8 15.Bxg7
Kxg7 16.O-O Nc7 17.c4 Bxf3 18.gxf3 Ne6 19.f4 Nd4 20.Kh1 e6 21.d6 Qc6+ 22.
Kg1 f6 23.f3 fxe5 24.fxe5 Rf4 25.Bd1 Rdf8 26.Rc3 Qd7 27.Re1 Qd8 28.Re4 
Rxe4 29.fxe4 Qh4 30.Qe3 Rf4 31.Qg3 Qxg3+ 32.hxg3 Rf7 33.Kg2 Nc6 34.Bg4 Nd8
35.Rd3 h5 36.Bd1 Kf8 37.Ba4 g5 38.Rd1 Rh7 39.Bb5 a6 40.Ba4 Rb7 41.Rh1 b5 
42.Rxh5 Nf7 43.Bb3 b4 44.Rh1 Kg7 45.Rd1 Nxe5 46.Ba4 Rb8 47.d7 Nf7 48.Rd2 
Kf6 49.Rd1 Rh8 50.Re1 Ne5 51.Rd1 Ke7 52.Rc1 Nxd7 53.Bxd7 Kxd7 54.Rc2 Kd6 
55.Kf3 Ke5 56.Ke3 Rd8 57.Rh2 Rd4 58.Rh5 Rxe4+ 59.Kf3 Rxc4 60.Rxg5+ 0-1

[Event "68th POL-ch (w)"]
[Site "Poznan POL"]
[Date "2016.03.31"]
[Round "2"]
[White "Kiolbasa, Oliwia"]
[Black "Zawadzka, Jolanta"]
[Result "0-1"]
[WhiteElo "2348"]
[BlackElo "2432"]
[EventDate "2016.03.30"]
[PlyCount "84"]
[EventType "tourn"]
[EventRounds "9"]
[EventCountry "POL"]
[EventCategory "4"]
[SourceTitle "CBM 171 Extra"]
[Source "ChessBase"]
[SourceDate "2016.04.26"]
[SourceVersion "1"]
[SourceVersionDate "2016.04.26"]
[SourceQuality "1"]

1.e4 e5 2.Nf3 Nf6 3.Nxe5 d6 4.Nf3 Nxe4 5.d4 d5 6.Bd3 Nc6 7.O-O Be7 8.Nc3 
Nxc3 9.bxc3 Bg4 10.Re1 O-O 11.Bf4 Bh5 12.Rb1 Rb8 13.h3 Bg6 14.Ne5 Nxe5 15.
Bxe5 a6 16.Qf3 b5 17.a4 Qd7 18.axb5 axb5 19.Qg4 Qxg4 20.hxg4 Bxd3 21.cxd3 
Rfc8 22.Bxg7 Bg5 23.Be5 Bd2 24.Re2 Bxc3 25.Rc2 b4 26.Kf1 Ra8 27.Bf4 f6 28.
Bd2 Bxd4 29.Rxb4 c5 30.Rb7 Ra1+ 31.Ke2 Ra4 32.Rd7 Re8+ 33.Kf1 Ra1+ 34.Rc1 
Rxc1+ 35.Bxc1 Bc3 36.Be3 d4 37.Rc7 dxe3 38.fxe3 Rxe3 39.Rxc5 Be5 40.d4 
Bxd4 41.Rf5 h6 42.Rf3 Kg7 0-1

[Event "68th POL-ch (w)"]
[Site "Poznan POL"]
[Date "2016.03.31"]
[Round "2"]
[White "Kulon, Klaudia"]
[Black "Socko, Monika"]
[Result "0-1"]
[WhiteElo "2298"]
[BlackElo "2461"]
[EventDate "2016.03.30"]
[PlyCount "114"]
[EventType "tourn"]
[EventRounds "9"]
[EventCountry "POL"]
[EventCategory "4"]
[SourceTitle "CBM 171 Extra"]
[Source "ChessBase"]
[SourceDate "2016.04.26"]
[SourceVersion "1"]
[SourceVersionDate "2016.04.26"]
[SourceQuality "1"]

1.e4 e6 2.d4 d5 3.Nd2 Nf6 4.e5 Nfd7 5.c3 c5 6.Bd3 Nc6 7.Ne2 a5 8.O-O a4 9.
f4 a3 10.b3 cxd4 11.cxd4 Qb6 12.Nf3 Be7 13.Kh1 g6 14.Be3 Nb4 15.Bb1 Nb8 
16.Bf2 Bd7 17.Nc3 N8a6 18.Bh4 Bxh4 19.Nxh4 O-O-O 20.Nf3 Kb8 21.Bd3 Rc8 22.
Qd2 Rxc3 23.Qxc3 Rc8 24.Bc4 dxc4 25.bxc4 Nd5 26.Qb3 Qxb3 27.axb3 Ne3 28.
Rfc1 Nb4 29.Rxa3 Nec2 30.Raa1 Nxa1 31.Rxa1 Bc6 32.Ng5 Nc2 33.Rd1 Ne3 34.
Rd2 h6 35.Nxf7 Rf8 36.Nxh6 Rxf4 37.h3 Bxg2+ 38.Kg1 Rf1+ 39.Kh2 Rh1+ 40.Kg3
Nf1+ 41.Kxg2 Rh2+ 42.Kxf1 Rxd2 43.d5 exd5 44.e6 Kc7 45.cxd5 Rxd5 46.Nf7 
Rd4 47.Kg2 Re4 48.Ng5 Re3 49.Kf2 Rxb3 50.Nf7 Rxh3 51.Ne5 g5 52.e7 Rh8 53.
Kg3 Re8 54.Ng6 Kd6 55.Kg4 Rxe7 56.Nxe7 Kxe7 57.Kxg5 Kd6 0-1

[Event "68th POL-ch (w)"]
[Site "Poznan POL"]
[Date "2016.03.31"]
[Round "2"]
[White "Majdan-Gajewska, Joanna"]
[Black "Rajlich, Iweta"]
[Result "0-1"]
[WhiteElo "2380"]
[BlackElo "2389"]
[EventDate "2016.03.30"]
[PlyCount "66"]
[EventType "tourn"]
[EventRounds "9"]
[EventCountry "POL"]
[EventCategory "4"]
[SourceTitle "CBM 171 Extra"]
[Source "ChessBase"]
[SourceDate "2016.04.26"]
[SourceVersion "1"]
[SourceVersionDate "2016.04.26"]
[SourceQuality "1"]

1.e4 e6 2.d4 d5 3.Nc3 Bb4 4.exd5 exd5 5.Bd3 Nc6 6.a3 Be7 7.Be3 Bf6 8.Qh5 
Be6 9.Nge2 g6 10.Qf3 Bg7 11.h3 Nf6 12.Nf4 O-O 13.O-O-O Ne7 14.g4 Qd7 15.
Nxe6 fxe6 16.Qg2 b6 17.Be2 Rac8 18.h4 c5 19.h5 cxd4 20.Bxd4 Nc6 21.hxg6 
Nxd4 22.Rxd4 hxg6 23.Rd3 Qc7 24.Kb1 Ne4 25.Qh3 Rxf2 26.Ka1 Qe5 27.Re3 Qf6 
28.Rxe4 Rxc3 29.bxc3 Qxc3+ 30.Qxc3 Bxc3+ 31.Ka2 dxe4 32.Bc4 e3 33.Kb3 Bd2 
0-1

[Event "68th POL-ch (w)"]
[Site "Poznan POL"]
[Date "2016.04.01"]
[Round "3"]
[White "Kantane, Anna"]
[Black "Kulon, Klaudia"]
[Result "0-1"]
[WhiteElo "2310"]
[BlackElo "2298"]
[EventDate "2016.03.30"]
[PlyCount "72"]
[EventType "tourn"]
[EventRounds "9"]
[EventCountry "POL"]
[EventCategory "4"]
[SourceTitle "CBM 171 Extra"]
[Source "ChessBase"]
[SourceDate "2016.04.26"]
[SourceVersion "1"]
[SourceVersionDate "2016.04.26"]
[SourceQuality "1"]

1.e4 c5 2.Nf3 d6 3.d4 cxd4 4.Nxd4 Nf6 5.Nc3 Nc6 6.Bg5 Qb6 7.Nb3 e6 8.Qd2 
Be7 9.Bxf6 gxf6 10.a4 a6 11.a5 Qc7 12.Na4 Bd7 13.Nb6 Rd8 14.O-O-O O-O 15.
Be2 Be8 16.Kb1 Kh8 17.Qc3 Rg8 18.g4 Bf8 19.f4 Bg7 20.Qe3 Ne7 21.Rhg1 Bc6 
22.Rg3 d5 23.exd5 Nxd5 24.Nxd5 Bxd5 25.c4 Bc6 26.Rxd8 Qxd8 27.Rh3 f5 28.g5
Re8 29.Bd3 Re7 30.Qe2 Rd7 31.Bc2 Kg8 32.Nc5 Rd2 33.Qh5 Qd4 34.Qxh7+ Kf8 
35.Rb3 Qg1+ 36.Ka2 Qxc5 0-1

[Event "68th POL-ch (w)"]
[Site "Poznan POL"]
[Date "2016.04.01"]
[Round "3"]
[White "Rajlich, Iweta"]
[Black "Szczepkowska-Horowska, Karina"]
[Result "1-0"]
[WhiteElo "2389"]
[BlackElo "2403"]
[EventDate "2016.03.30"]
[PlyCount "101"]
[EventType "tourn"]
[EventRounds "9"]
[EventCountry "POL"]
[EventCategory "4"]
[SourceTitle "CBM 171 Extra"]
[Source "ChessBase"]
[SourceDate "2016.04.26"]
[SourceVersion "1"]
[SourceVersionDate "2016.04.26"]
[SourceQuality "1"]

1.d4 Nf6 2.Nf3 e6 3.g3 b5 4.Nc3 a6 5.e4 b4 6.e5 bxc3 7.exf6 cxb2 8.fxg7 
Bxg7 9.Bxb2 c5 10.Bg2 Nc6 11.O-O Rb8 12.Ba3 cxd4 13.Bd6 Rb5 14.Nd2 Ne7 15.
a4 Rg5 16.f4 Rg6 17.Nc4 Nf5 18.Rb1 Nxd6 19.Nxd6+ Ke7 20.Qe1 Qc7 21.Nf5+ 
Kd8 22.Nxg7 Rxg7 23.Qb4 f5 24.Qxd4 Rhg8 25.Rb3 Ke7 26.Rc3 Qd6 27.Qxd6+ 
Kxd6 28.Rb1 Rd8 29.Rb8 Rgg8 30.a5 Ke7 31.Rc7 Kf6 32.c4 d6 33.Rxh7 Bd7 34.
Rb7 Be8 35.Rhc7 Bh5 36.Rb6 e5 37.fxe5+ Kxe5 38.c5 d5 39.Re7+ Kd4 40.c6 
Rde8 41.Rxe8 Rxe8 42.Bf1 Re1 43.Rb4+ Ke3 44.c7 Rc1 45.Rc4 dxc4 46.c8=Q Bg4
47.Qc5+ Ke4 48.Qe7+ Kd4 49.Qd6+ Kc3 50.Qa3+ Kc2 51.Kf2 1-0

[Event "68th POL-ch (w)"]
[Site "Poznan POL"]
[Date "2016.04.01"]
[Round "3"]
[White "Socko, Monika"]
[Black "Majdan-Gajewska, Joanna"]
[Result "1-0"]
[WhiteElo "2461"]
[BlackElo "2380"]
[EventDate "2016.03.30"]
[PlyCount "71"]
[EventType "tourn"]
[EventRounds "9"]
[EventCountry "POL"]
[EventCategory "4"]
[SourceTitle "CBM 171 Extra"]
[Source "ChessBase"]
[SourceDate "2016.04.26"]
[SourceVersion "1"]
[SourceVersionDate "2016.04.26"]
[SourceQuality "1"]

1.d4 Nf6 2.c4 c5 3.d5 b5 4.cxb5 a6 5.b6 e6 6.Nc3 Nxd5 7.Nxd5 exd5 8.Qxd5 
Nc6 9.Nf3 Rb8 10.e4 Be7 11.Bc4 O-O 12.O-O Rxb6 13.Be3 d6 14.h3 Na5 15.b3 
Be6 16.Qd3 Nxc4 17.bxc4 f5 18.Rfd1 Qa8 19.e5 f4 20.Bd2 dxe5 21.Nxe5 f3 22.
g4 Rd6 23.Qc2 Qc8 24.Bc3 Rxd1+ 25.Rxd1 Rf4 26.Qd2 Bg5 27.Qd6 Rf8 28.Nc6 
Re8 29.Qxc5 h6 30.Qa7 Bf7 31.Rd7 Rf8 32.Qd4 Bf6 33.Ne7+ Kh8 34.Nxc8 Bxd4 
35.Bxd4 Be6 36.Bxg7+ 1-0

[Event "68th POL-ch (w)"]
[Site "Poznan POL"]
[Date "2016.04.01"]
[Round "3"]
[White "Wozniak, Mariola"]
[Black "Kiolbasa, Oliwia"]
[Result "0-1"]
[WhiteElo "2154"]
[BlackElo "2348"]
[EventDate "2016.03.30"]
[PlyCount "98"]
[EventType "tourn"]
[EventRounds "9"]
[EventCountry "POL"]
[EventCategory "4"]
[SourceTitle "CBM 171 Extra"]
[Source "ChessBase"]
[SourceDate "2016.04.26"]
[SourceVersion "1"]
[SourceVersionDate "2016.04.26"]
[SourceQuality "1"]

1.e4 e5 2.Nf3 Nc6 3.d4 exd4 4.Nxd4 Nf6 5.Nxc6 bxc6 6.e5 Qe7 7.Qe2 Nd5 8.c4
Ba6 9.Qe4 Nf6 10.Qe2 Nd5 11.Nd2 Nf4 12.Qe4 Ne6 13.g3 g6 14.Bg2 Bg7 15.f4 
Qc5 16.b3 O-O 17.Rb1 d5 18.b4 Qb6 19.c5 Qb5 20.Qe3 Nd4 21.Kd1 Qe2+ 22.Qxe2
Bxe2+ 23.Ke1 Bd3 24.Rb2 f6 25.Nb3 Nxb3 26.Rxb3 Bc4 27.exf6 Bxb3 28.fxg7 
Rfe8+ 29.Kd2 Bc4 30.Bf3 Kxg7 31.Bb2+ Kf7 32.h4 h5 33.f5 a5 34.g4 hxg4 35.
fxg6+ Kxg6 36.Bxg4 axb4 37.Rg1 Kh6 38.Kd1 Rxa2 39.Bc1+ Kg6 40.Bd7+ Kf7 41.
Bxe8+ Kxe8 42.h5 Be2+ 43.Ke1 Bxh5 44.Rg8+ Kd7 45.Rb8 Re2+ 46.Kf1 Rc2 47.
Bf4 Be2+ 48.Ke1 Bb5 49.Rb7 b3 0-1

[Event "68th POL-ch (w)"]
[Site "Poznan POL"]
[Date "2016.04.01"]
[Round "3"]
[White "Zawadzka, Jolanta"]
[Black "Harazinska, Ewa"]
[Result "1/2-1/2"]
[WhiteElo "2432"]
[BlackElo "2310"]
[EventDate "2016.03.30"]
[PlyCount "85"]
[EventType "tourn"]
[EventRounds "9"]
[EventCountry "POL"]
[EventCategory "4"]
[SourceTitle "CBM 171 Extra"]
[Source "ChessBase"]
[SourceDate "2016.04.26"]
[SourceVersion "1"]
[SourceVersionDate "2016.04.26"]
[SourceQuality "1"]

1.e4 e5 2.Nf3 Nf6 3.Nxe5 Nxe4 4.Qe2 Qe7 5.Qxe4 d6 6.d4 dxe5 7.Qxe5 Qxe5+ 
8.dxe5 Bf5 9.c3 Nd7 10.Bf4 O-O-O 11.Bc4 Nxe5 12.Bxe5 Re8 13.f4 f6 14.O-O 
fxe5 15.fxe5 Bc5+ 16.Kh1 Bxb1 17.Raxb1 Rxe5 18.Bd3 h6 19.b4 Be7 20.Bf5+ 
Kb8 21.Bg4 Bf6 22.Bf3 Re3 23.c4 Rd8 24.a4 c6 25.a5 Kc7 26.b5 cxb5 27.Rxb5 
b6 28.c5 bxc5 29.Rxc5+ Kd6 30.Rc6+ Ke7 31.Rb1 Rd6 32.Rc7+ Rd7 33.Rc4 Rd4 
34.Rcc1 Ra3 35.Rb7+ Rd7 36.Re1+ Kd8 37.Rb8+ Kc7 38.Rb7+ Kd8 39.Rb5 Bc3 40.
Rb8+ Kc7 41.Rb7+ Kd8 42.Rb8+ Kc7 43.Rb7+ 1/2-1/2

[Event "68th POL-ch (w)"]
[Site "Poznan POL"]
[Date "2016.04.02"]
[Round "4"]
[White "Szczepkowska-Horowska, Karina"]
[Black "Socko, Monika"]
[Result "0-1"]
[WhiteElo "2403"]
[BlackElo "2461"]
[EventDate "2016.03.30"]
[PlyCount "204"]
[EventType "tourn"]
[EventRounds "9"]
[EventCountry "POL"]
[EventCategory "4"]
[SourceTitle "CBM 171 Extra"]
[Source "ChessBase"]
[SourceDate "2016.04.26"]
[SourceVersion "1"]
[SourceVersionDate "2016.04.26"]
[SourceQuality "1"]

1.d4 Nf6 2.c4 e6 3.g3 d5 4.Bg2 dxc4 5.Nf3 c5 6.O-O Nc6 7.dxc5 Bxc5 8.Nbd2 
c3 9.bxc3 O-O 10.Nb3 Be7 11.c4 e5 12.Bb2 Qc7 13.Qc2 h6 14.Nh4 a5 15.a4 Ra6
16.Rac1 Be6 17.Nf5 Bxf5 18.Qxf5 Rb6 19.Qc2 Rb4 20.Bxc6 bxc6 21.Nd2 Rb7 22.
Nf3 e4 23.Nd4 Rfb8 24.Bc3 Qc8 25.Kg2 Bc5 26.Rfd1 Bxd4 27.Bxd4 Qe6 28.Bxf6 
Qxf6 29.Qxe4 Rb4 30.Rd7 Rxa4 31.Rcd1 Qg6 32.Qxg6 fxg6 33.Ra7 Kh7 34.Rdd7 
Rg8 35.c5 Ra2 36.Re7 a4 37.Re4 a3 38.Re3 Rc2 39.Raxa3 Rxc5 40.Ra7 g5 41.g4
Rc4 42.f3 Rd4 43.Re6 Rc8 44.Ree7 Rg8 45.Re6 Rc8 46.Kf2 Rd1 47.Ree7 Rg8 48.
Rec7 Rc1 49.h3 c5 50.Ra5 Rh1 51.Raxc5 Rh2+ 52.Ke1 Re8 53.Rc2 Rxh3 54.Rf7 
Rh1+ 55.Kf2 Rh2+ 56.Kf1 Rh1+ 57.Kg2 Rd1 58.e4 Red8 59.Kf2 Kg6 60.Rf5 Rh1 
61.Rc6+ Kh7 62.Rf7 Rd2+ 63.Ke3 Rhh2 64.f4 Rhe2+ 65.Kf3 Rf2+ 66.Kg3 Rg2+ 
67.Kf3 Rgf2+ 68.Ke3 gxf4+ 69.Rxf4 Rde2+ 70.Kd3 Rxf4 71.Kxe2 Rxg4 72.Kf3 h5
73.Ra6 Rg6 74.Ra5 Rf6+ 75.Kg3 Kh6 76.Ra8 Rf1 77.Ra6+ g6 78.Ra5 Re1 79.Kf4 
g5+ 80.Kf3 h4 81.Ra8 Rf1+ 82.Kg2 Rf4 83.Re8 Kh5 84.e5 Kg4 85.Ra8 Re4 86.
Ra5 Kf4 87.Ra2 Rxe5 88.Rf2+ Kg4 89.Ra2 Re4 90.Rb2 Ra4 91.Rc2 h3+ 92.Kh2 
Kh4 93.Rc8 Ra2+ 94.Kg1 g4 95.Rc1 Rg2+ 96.Kh1 Re2 97.Kg1 g3 98.Kh1 Kg4 99.
Ra1 Rf2 100.Rb1 Rf1+ 101.Rxf1 g2+ 102.Kg1 Kg3 0-1

[Event "68th POL-ch (w)"]
[Site "Poznan POL"]
[Date "2016.04.02"]
[Round "4"]
[White "Kiolbasa, Oliwia"]
[Black "Harazinska, Ewa"]
[Result "1/2-1/2"]
[WhiteElo "2348"]
[BlackElo "2310"]
[EventDate "2016.03.30"]
[PlyCount "77"]
[EventType "tourn"]
[EventRounds "9"]
[EventCountry "POL"]
[EventCategory "4"]
[SourceTitle "CBM 171 Extra"]
[Source "ChessBase"]
[SourceDate "2016.04.26"]
[SourceVersion "1"]
[SourceVersionDate "2016.04.26"]
[SourceQuality "1"]

1.e4 e6 2.d4 d5 3.Nc3 Nf6 4.Bg5 dxe4 5.Nxe4 Be7 6.Bxf6 gxf6 7.Nf3 f5 8.Nc3
a6 9.g3 b5 10.Bg2 Bb7 11.O-O c5 12.Re1 cxd4 13.Nxd4 Bxg2 14.Kxg2 Ra7 15.
Re3 Rd7 16.Rd3 Bf6 17.Nce2 O-O 18.Qd2 Qb6 19.Rd1 Rfd8 20.Kg1 Kh8 21.b3 a5 
22.Qh6 Bg7 23.Qh4 Na6 24.Nf3 Rxd3 25.Rxd3 Rxd3 26.cxd3 Qc7 27.Ned4 b4 28.
Nb5 Qd7 29.Qc4 h6 30.d4 Nb8 31.Ne5 Bxe5 32.dxe5 Qd1+ 33.Kg2 Nd7 34.f4 Nc5 
35.Qxc5 Qe2+ 36.Kg1 Qe1+ 37.Kg2 Qe2+ 38.Kg1 Qe1+ 39.Kg2 1/2-1/2

[Event "68th POL-ch (w)"]
[Site "Poznan POL"]
[Date "2016.04.02"]
[Round "4"]
[White "Kulon, Klaudia"]
[Black "Zawadzka, Jolanta"]
[Result "1/2-1/2"]
[WhiteElo "2298"]
[BlackElo "2432"]
[EventDate "2016.03.30"]
[PlyCount "121"]
[EventType "tourn"]
[EventRounds "9"]
[EventCountry "POL"]
[EventCategory "4"]
[SourceTitle "CBM 171 Extra"]
[Source "ChessBase"]
[SourceDate "2016.04.26"]
[SourceVersion "1"]
[SourceVersionDate "2016.04.26"]
[SourceQuality "1"]

1.e4 c5 2.Nf3 e6 3.d4 cxd4 4.Nxd4 Nc6 5.Nc3 Qc7 6.Be3 Nf6 7.Qd2 Bb4 8.f3 
Nxd4 9.Bxd4 e5 10.Bf2 d6 11.O-O-O Bxc3 12.Qxc3 Qxc3 13.bxc3 Ke7 14.Bc4 Be6
15.Bb3 Rhc8 16.Kb2 Nd7 17.Rd2 Rc6 18.Rhd1 a6 19.a4 Rac8 20.a5 R8c7 21.Rd3 
b5 22.Bh4+ f6 23.Bf2 Nf8 24.Bb6 Rb7 25.g3 Bc4 26.R3d2 Ne6 27.h4 Rb8 28.Be3
Rbc8 29.Rc1 b4 30.Bxc4 Rxc4 31.cxb4 Rxb4+ 32.Ka3 Rcc4 33.Bb6 Rb5 34.Rcd1 
Rc3+ 35.Ka2 Nd4 36.Bxd4 exd4 37.Rxd4 Rxc2+ 38.Ka3 Rxa5+ 39.Kb3 Rc6 40.Rb4 
Kd7 41.Rb7+ Rc7 42.Rb6 Rb5+ 43.Rxb5 axb5 44.Kb4 Ke6 45.Rd3 Rc5 46.Ra3 f5 
47.Ra7 fxe4 48.fxe4 Kf6 49.Rd7 Rc4+ 50.Kxb5 Rxe4 51.Rxd6+ Kf5 52.Rd3 Rg4 
53.Kc6 Rg6+ 54.Kd7 Kg4 55.Ke8 Kh3 56.Kf7 Rg4 57.h5 h6 58.Rd6 Rg5 59.Rg6 
Rxh5 60.Kxg7 Rg5 61.Kxh6 1/2-1/2

[Event "68th POL-ch (w)"]
[Site "Poznan POL"]
[Date "2016.04.02"]
[Round "4"]
[White "Majdan-Gajewska, Joanna"]
[Black "Kantane, Anna"]
[Result "0-1"]
[WhiteElo "2380"]
[BlackElo "2310"]
[EventDate "2016.03.30"]
[PlyCount "82"]
[EventType "tourn"]
[EventRounds "9"]
[EventCountry "POL"]
[EventCategory "4"]
[SourceTitle "CBM 171 Extra"]
[Source "ChessBase"]
[SourceDate "2016.04.26"]
[SourceVersion "1"]
[SourceVersionDate "2016.04.26"]
[SourceQuality "1"]

1.e4 e5 2.Nf3 Nc6 3.Bb5 a6 4.Ba4 Nf6 5.O-O Be7 6.d3 b5 7.Bb3 d6 8.a3 O-O 
9.Nc3 Bg4 10.Be3 Nd4 11.Bxd4 exd4 12.Nd5 c5 13.a4 Be6 14.Nxe7+ Qxe7 15.
Bxe6 fxe6 16.c3 dxc3 17.bxc3 Nh5 18.g3 Qf6 19.Kg2 Rae8 20.axb5 axb5 21.Ng1
g6 22.Qd2 Ra8 23.Rab1 Ra5 24.f4 Rfa8 25.Rb2 Qf7 26.Nf3 Nf6 27.Ng5 Qd7 28.
Re1 h6 29.Nf3 Kh7 30.c4 bxc4 31.dxc4 Qc6 32.Qe2 Ra3 33.Kh3 Kg7 34.e5 Nd7 
35.Nh4 dxe5 36.Qg4 Nf8 37.Rxe5 Ra2 38.Nxg6 Nxg6 39.Rxe6 Qxe6 40.Qxe6 Rxb2 
41.f5 Nf4+ 0-1